000 00566cam a2200157 4500500
005 20260329022211.0
041 _afre
042 _adc
100 1 0 _aZongo, Issa
_eauthor
700 1 0 _aDabat-Partiot,
_eauthor
245 0 0 _aEffet du triple ensachage du niébé sur le pouvoir de marché des producteurs dans la région nord du Burkina Faso
260 _c2025.
500 _a6
786 0 _nÉconomie rurale | 394 | 4 | 2025-11-21 | p. 75-92 | 0013-0559
856 4 1 _uhttps://shs.cairn.info/revue-economie-rurale-2025-4-page-75?lang=fr&redirect-ssocas=7080
999 _c1918385
_d1918385